| 000 | 00557nam a2200205Ia 4500 | ||
|---|---|---|---|
| 003 | GCL | ||
| 008 | 140319s9999 xx 000 0 ara d | ||
| 040 |
_aGCL / _cGCL |
||
| 082 | 0 | 4 |
_a793.732 _bس ع |
| 100 | 1 | _aسوفنير | |
| 245 | 1 | 0 |
_aعالم الكلمات المتقاطعة / _cسوفنير |
| 260 |
_a[S.N] : _bدار الراتب الجامعية |
||
| 300 | _a93 ص | ||
| 490 | _a | ||
| 650 | 0 | 4 | _aالالعاب |
| 650 | 0 | 4 | _aالترفيه |
| 650 | 0 | 4 | _aالالغاز |
| 650 | 0 | 4 | _aالكلمات المتقاطعة |
| 942 |
_2ddc _cBK |
||
| 999 |
_c35053 _d35053 |
||